| 000 | 00428nam a22001457a 4500 | ||
|---|---|---|---|
| 020 | _a9814126837 | ||
| 040 | _cNust | ||
| 082 |
_a624.171 _bCON |
||
| 100 |
_aRobert D. Cook _913493 |
||
| 245 | _aConcepts and Applications of Finite Element Analysis | ||
| 250 | _a4th Edition | ||
| 260 |
_aUSA: _bJohn Willey and sons Inc, _c2001. |
||
| 650 |
_aConcepts and Applications of Finite Element Analysis _9124890 |
||
| 942 |
_2ddc _cBK |
||
| 999 |
_c611500 _d611500 |
||